|
|
|
|
| LEADER |
00000nam0a2200000 4500 |
| 001 |
365112 |
| 005 |
20231102011744.0 |
| 035 |
|
|
|a (RuTPU)RU\TPU\retro\22475
|
| 090 |
|
|
|a 365112
|
| 100 |
|
|
|a 20211213d1981 km y0rusy50 ca
|
| 101 |
0 |
|
|a rus
|
| 102 |
|
|
|a RU
|
| 105 |
|
|
|a a z 001zy
|
| 200 |
1 |
|
|a Металлогения гидротермальных редкометальных месторождений
|f В. С. Попов, В. В. Белевитин, В. А. Семина
|g Академия наук СССР, Институт минералогии, геохимии и кристаллохимии редких элементов
|
| 210 |
|
|
|a Москва
|c Наука
|d 1981
|
| 215 |
|
|
|a 212 с.
|c ил.
|e Прилож.: 1 вкл. л. карт.
|
| 320 |
|
|
|a Библиогр.: с. 200-211
|
| 606 |
1 |
|
|a Редкометальное оруденение
|2 stltpush
|3 (RuTPU)RU\TPU\subj\24325
|9 48693
|
| 610 |
1 |
|
|a металлогения
|
| 610 |
1 |
|
|a гидротермальные месторождения
|
| 610 |
1 |
|
|a магматические ассоциации
|
| 610 |
1 |
|
|a систематика
|
| 610 |
1 |
|
|a состав
|
| 610 |
1 |
|
|a распределение
|
| 610 |
1 |
|
|a геохимия
|
| 610 |
1 |
|
|a генезис
|
| 675 |
|
|
|a 553.493.5
|v 4
|
| 700 |
|
1 |
|a Попов
|b В. С.
|g Виктор Сергеевич
|
| 701 |
|
1 |
|a Белевитин
|b В. В.
|g Владимир Васильевич
|
| 701 |
|
1 |
|a Семина
|b В. А.
|g Вера Аркадиевна
|
| 712 |
0 |
2 |
|a Академия наук СССР
|b Институт минералогии, геохимии и кристаллохимии редких элементов
|c (Москва)
|2 stltpush
|3 (RuTPU)RU\TPU\col\10887
|9 24943
|
| 801 |
|
1 |
|a RU
|b 63413507
|c 20211213
|
| 801 |
|
2 |
|a RU
|b 63413507
|c 20211213
|g RCR
|
| 942 |
|
|
|c BK
|